How Fast Can You Count? - Statistics

General Stats
  • This quiz has been taken 3,339 times
  • The average score is 5 of 10
Answers on the Map
Answers color-coded by a green-red scale on the quiz's map according to % correct below.
 
Answer Stats
Answer % Correct
7
61%
4
60%
1
59%
3
59%
2
56%
6
56%
10
55%
5
55%
8
55%
25
54%
9
54%
12
53%
16
53%
13
52%
14
52%
11
51%
17
51%
15
50%
21
50%
24
49%
23
48%
18
47%
19
47%
22
47%
20
45%
No matching quizzes found
Score Distribution
Percent of People with Each Score
Percentile by Number Answered
Your Score History
You have not taken this quiz